Cómo estar en forma
Saved in:
| Main Authors: | , |
|---|---|
| 格式: | 圖書 |
| 語言: | 西班牙语 |
| 出版: |
Barcelona
Planeta
1985
|
| 叢編: | Colección documento
|
| 主題: | |
| 標簽: |
添加標簽
沒有標簽, 成為第一個標記此記錄!
|
MARC
| LEADER | 00000nam a2200000 a 4500 | ||
|---|---|---|---|
| 001 | UCW3810 | ||
| 003 | CL-VaPUC | ||
| 008 | 890411e19850000SP |||||||||||||||||spa|d | ||
| 082 | 0 | 4 | |a 796.077 |b THO |2 21 |
| 100 | 0 | |a Thompson, Daley |e author |9 308199 | |
| 700 | 0 | |a Voak, Sally Ann |e author |9 308200 | |
| 245 | 1 | 0 | |a Cómo estar en forma |
| 300 | |a 127 p | ||
| 942 | |c BK | ||
| 945 | |d 19890411 00:00:00 | ||
| 260 | |a Barcelona |b Planeta |c 1985 | ||
| 650 | 7 | |a ENTRENAMIENTO ATLETICO |2 CL-VaPUC |9 308201 | |
| 650 | 7 | |a ESTADO FISICO |2 CL-VaPUC |9 307297 | |
| 650 | 0 | |a Educación física |9 240893 | |
| 583 | |a last modification |c 19890411 00:00:00 |k Rodrigo Vera | ||
| 490 | 0 | |a Colección documento | |
| 999 | |c 217697 |d 217695 | ||
| 952 | |0 0 |1 0 |4 0 |6 796_077000000000000_THO_1985 |7 0 |8 A |9 205792 |a BIBEDU |b BIBEDU |d 2019-11-15 |i 2737310 |o 796.077 THO 1985 |p 2737310 |r 2019-11-15 |w 2019-11-15 |y BK |k EDU | ||